|
|
|
|
| LEADER |
01041cem a2200289 4500 |
| 008 |
790119r19781951enk e eng |
| 999 |
|
|
|c 33097
|d 33097
|
| 010 |
|
|
|a 78320929
|
| 015 |
|
|
|a GB***
|
| 020 |
|
|
|a 0192115723 :
|c £10.00
|
| 043 |
|
|
|a e-uk---
|
| 052 |
|
|
|a 3200
|
| 082 |
0 |
0 |
|a 912
|
| 110 |
2 |
|
|a Oxford University Press.
|
| 245 |
1 |
4 |
|a The new Oxford atlas /
|c prepared by the Cartographic Department of the Oxford University Press.
|
| 250 |
|
|
|a Rev. ed.
|
| 260 |
|
|
|a Oxford [Eng.] :
|b Oxford University Press,
|c 1978.
|
| 300 |
|
|
|a 202 p. :
|b col. maps ;
|c 39 cm.
|
| 500 |
|
|
|a Based on the Oxford atlas first published in 1951.
|
| 500 |
|
|
|a Includes index.
|
| 650 |
|
0 |
|a Atlases
|z Great Britain.
|
| 700 |
1 |
|
|a Lewis, Clinton,
|e ed.
|
| 942 |
|
|
|c REF
|
| 655 |
|
7 |
|a World atlases.
|2 lcgft
|
| 906 |
|
|
|a 7
|b cbc
|c orignew
|d 4
|e ncip
|f 19
|g y-geogmaps
|
| 955 |
|
|
|r ga10 2018-06-28;
|r ga39 2019-01-24;
|r ga39 2019-03-29
|
| 952 |
|
|
|0 0
|1 0
|4 0
|6 912_000000000000000_NEW
|7 0
|9 33096
|a UL
|b UL
|c CR
|d 1998-09-01
|l 0
|o 912 NEW
|p 45277
|r 2012-10-27
|w 2012-10-27
|y REF
|